00873nam a2200277 i 45000010005000000030009000050050017000140080039000310150017000700350021000870400028001080410008001360460009001440800008001530800009001611000039001702450068002092600056002773000034003333800017003676500014003846550018003987000040004167100042004568560097004988937KOSZ 00520200630132819.0070809s1970 pl a f f |000 0 pol aPB 1970/7852 a(OCoLC)839121927 aWA NcWA NdKOSZ 005/EG apol k1970 a101 a(07)1 aKasprzyk, Leszekd(1925- ).eAutor10aWprowadzenie do filozofii /cLeszek Kasprzyk, Adam Węgrzecki. aWarszawa :bPaństwowe Wydawnictwo Naukowe,c1970. a281, [2] s. :berr. ;c23 cm. aKsiążki. 4aFilozofia 4aPodręczniki1 aWęgrzecki, Adamd(1937- ).eAutor2 aPaństwowe Wydawnictwo Naukowe4pbl. uhttp://koha.tu.koszalin.pl/cgi-bin/koha/opac-detail.pl?biblionumber=8937yKatalog online BPK